The business value of BIM in Europe (Record no. 111926)
[ view plain ]
| 000 -LEADER | |
|---|---|
| fixed length control field | 01385cad a22002775a 4500 |
| 001 - CONTROL NUMBER | |
| control field | L152221 |
| 008 - FIXED-LENGTH DATA ELEMENTS--GENERAL INFORMATION | |
| fixed length control field | 110211s2010 xxk f 000 0 eng d |
| 020 ## - INTERNATIONAL STANDARD BOOK NUMBER | |
| International Standard Book Number | 9781934926277 |
| 035 ## - SYSTEM CONTROL NUMBER | |
| System control number | (Sirsi) u152221 |
| 041 0# - LANGUAGE CODE | |
| Language code of text/sound track or separate title | eng |
| 110 0# - MAIN ENTRY--CORPORATE NAME | |
| Corporate name or jurisdiction name as entry element | McGraw-Hill Construction |
| 9 (RLIN) | 5916 |
| 245 04 - TITLE STATEMENT | |
| Title | The business value of BIM in Europe |
| Remainder of title | getting building information modeling to the bottom line in the United Kingdom, France and Germany |
| Medium | [electronic resource] |
| 260 ## - PUBLICATION, DISTRIBUTION, ETC. | |
| Place of publication, distribution, etc. | Bedford, MA |
| Name of publisher, distributor, etc. | McGraw-Hill |
| Date of publication, distribution, etc. | 2010 |
| 490 #0 - SERIES STATEMENT | |
| Series statement | SmartMarket Report |
| 520 ## - SUMMARY, ETC. | |
| Summary, etc. | Presents findings from research conducted in 2010 about how architects, engineers and contractors in the United Kingdom, France and Germany are adopting, implementing and deriving value from building information modelling (BIM). Examines the adoption, overall value of BIM, internal business value of BIM, project value of BIM, player value of BIM, looks at case studies and industry and technology perspectives. RICS contributed to the survey. |
| 590 ## - LOCAL NOTE (RLIN) | |
| Local note | KA NTK |
| 650 24 - SUBJECT ADDED ENTRY--TOPICAL TERM | |
| Topical term or geographic name entry element | BUILDING INFORMATION MODELLING |
| 650 24 - SUBJECT ADDED ENTRY--TOPICAL TERM | |
| Topical term or geographic name entry element | BIM |
| 9 (RLIN) | 6219 |
| 651 #4 - SUBJECT ADDED ENTRY--GEOGRAPHIC NAME | |
| Geographic name | United Kingdom |
| Chronological subdivision | |
| 651 #4 - SUBJECT ADDED ENTRY--GEOGRAPHIC NAME | |
| Geographic name | France |
| 651 #4 - SUBJECT ADDED ENTRY--GEOGRAPHIC NAME | |
| Geographic name | Germany |
| Chronological subdivision | 1990- |
| 690 ## - LOCAL SUBJECT ADDED ENTRY--TOPICAL TERM (OCLC, RLIN) | |
| Topical term or geographic name as entry element | BIM |
| 9 (RLIN) | 6219 |
| 710 1# - ADDED ENTRY--CORPORATE NAME | |
| Corporate name or jurisdiction name as entry element | Autodesk |
| 856 40 - ELECTRONIC LOCATION AND ACCESS | |
| Uniform Resource Identifier | <a href="https://images.autodesk.com/adsk/files/business_value_of_bim_in_europe_smr_final.pdf">https://images.autodesk.com/adsk/files/business_value_of_bim_in_europe_smr_final.pdf</a> |
| Public note | View this item free of charge at bim.construction.com |
| 942 ## - ADDED ENTRY ELEMENTS (KOHA) | |
| Suppress in OPAC | 0 |
| Withdrawn status | Lost status | Source of classification or shelving scheme | Damaged status | Not for loan | Home library | Current library | Shelving location | Date acquired | Total Checkouts | Full call number | Barcode | Date last seen | Copy number | Price effective from | Koha item type |
|---|---|---|---|---|---|---|---|---|---|---|---|---|---|---|---|
| Dewey Decimal Classification | Virtual | Virtual | Online | 11/02/2011 | ONLINE PUBLICATION | 152221-1001 | 06/08/2019 | 1 | 06/08/2019 | Book |